• 首页
  • 本馆介绍
  • 公告通知
  • 最新文献
  • 馆藏检索
  • 电子资源
  • 读者导购
  • 参考咨询
  • 我的图书馆
  • 登录
  • 详细信息显示
  • 放入我的书架
  • 预约/预借图书
  • 作者相关作品
  • 分类相关作品
  • 丛书相关作品
  • 出版社相关作品

书目信息

  • 表格格式
  • 工作单格式
  • 卡片格式
题名:
启智数学·拓展训练
    
 
作者: ;新东方小学数学研发中心 编著
分册: 2   五年级
出版信息: 杭州   浙江教育出版社  2017.07
页数: 195页
开本: 29cm
丛书名:
单 册:
中图分类: G624.503
科图分类:
主题词: 小学数学课--教学参考资料
电子资源:
ISBN: 978-7-5536-5107-1
000 01005nam0 2200229 450
001 0103152657
005 20201103152732.0
010    @a978-7-5536-5107-1@dCNY37.50
100    @a20171116e20192017cemy0chiy50 ea
101 0  @achi
102    @aCN@b330000
105    @aa z 000yy
106    @ar
200 1  @a启智数学·拓展训练@Aqi zhi shu xue · tuo zhan xun lian@e练习册@i五年级@h2@f新东方小学数学研发中心编著
210    @a杭州@c浙江教育出版社@d2017.07@h2019.07
215    @a195页@c彩图@d29cm@e1练习册 (70页)
330    @a“启智数学”拓展训练系列丛书是新东方小学数学教材研发中心研发的小学数学培训教材,包括1本主教材和1本练习册,能够更好地训练小学生的思维,提高小学生的数学成绩。知识性与趣味性融合;学习目标明确;知识点清晰;闯关题目具有代表性;版式清新活泼;内容丰富多样。
606 0  @a小学数学课@j教学参考资料
690    @aG624.503@v5
711 02 @a新东方小学数学研发中心@Axin dong fang xiao xue shu xue yan fa zhong xin@4编著
801  0 @aCN@bBJSZM@c20201103
905    @b1257361-5@dG624.503@e1074@f5
    
    启智数学·拓展训练:练习册.五年级.2/新东方小学数学研发中心编著.-杭州:浙江教育出版社,2017.07(2019.07)
    195页:彩图;29cm+1练习册 (70页)
    
    
    ISBN 978-7-5536-5107-1:CNY37.50
    “启智数学”拓展训练系列丛书是新东方小学数学教材研发中心研发的小学数学培训教材,包括1本主教材和1本练习册,能够更好地训练小学生的思维,提高小学生的数学成绩。知识性与趣味性融合;学习目标明确;知识点清晰;闯关题目具有代表性;版式清新活泼;内容丰富多样。
●
相关链接 在E读中查询图书 在五车中查询图书 在当当中查询图书 在豆瓣中查询图书


正题名:启智数学·拓展训练     索取号:G624.503/1074         预约/预借

序号 登录号 条形码 馆藏地/架位号 状态 备注
1 1257362   212573623   第一样本阅览室/ [索取号:G624.503/1074] 在馆    
2 1257363   212573632   教育系资料室/ [索取号:G624.503/1074] 在馆    
3 1257364   212573641   教育系资料室/ [索取号:G624.503/1074] 在馆    
4 1257365   212573650   第四借阅区/ [索取号:G624.503/1074] 在馆    
唐山师范学院图书馆 欢迎您!
大连网信软件有限公司© 版权所有